000 00618nam a2200205 4500
003 OSt
005 20240703030137.0
006 a
008 240703b |||||||| |||| 00| 0 eng d
020 _a9789710445172
040 _aDWCL-Main lib.
_cOC
082 _aFil. 490.7 M311m 2007
100 _aMaranan, Mario H.
245 _aMasining na pagpapahayag para sa antas tersyarya /
260 _aManila :
_bMindshapers Co., Inc.,
_cc2007.
300 _axi,
_b228 p. ;
_c23 cm.
504 _aIncludes bibliographical references.
650 _a1. Filipino language-Study and teaching.
942 _2ddc
_n0
_cBK - FIL
_kFil.
999 _c1861
_d1861